000 01497cam a22003135i 4500
001 18237244
003 EG-ScBUE
005 20260308092437.0
008 140721t2015 flua f b 001 0 eng d
020 _a9781466586291 (hardback : alk. paper)
040 _aEG-ScBUE
_beng
_erda
_cEG-ScBUE
_dEG-ScBUE
082 0 4 _a570.282
_bOPT
_222
245 0 0 _aOptical nanoscopy and novel microscopy techniques /
_cedited by Peng Xi.
264 1 _aBoca Raton, FL :
_bCRC Press / Taylor & Francis Group,
_c[2015]
264 4 _cc2015
300 _axi, 249 pages :
_billustrations ;
_c25 cm
336 _2rdacontent
_atext
_btxt
337 _aunmediated
_2rdamedia
_bn
338 _avolume
_bnc
_2rdacarrier
504 _aIncludes bibliographical references and index.
520 _a"Many new methods in light and super-resolution microscopy have been developed over the last few years. This edited volume overviews the latest advances in microscopy, complete with experimental methods and data analysis of the results. Each chapter begins with a brief description of the principles of the technique for clarity and concludes with a set of problems. Cutting-edge microscopy techniques presented include STED, PALM/STORM, and light sheet microscopy"--Provided by publisher.
650 7 _aMicroscopy.
_2BUEsh
650 7 _aMicroscopes.
_2BUEsh
650 7 _aNanotechnology.
_2BUEsh
_9519
653 _bENGELC
_cMarch2016
655 _vReading book
_934232
700 1 _aXi, Peng,
_eeditor.
942 _2ddc
_cBB
999 _c21373
_d21345